Words Starting with 'SN' Quiz Stats

 Plays Quiz Updated Mar 25, 2018

Challenge
Share
Tweet
Embed
Score 0/22 Timer 05:00
6 Plays Today
% Correct
Snorkel
96%
Snooze
95.6%
Snake
95.1%
Snatch
94.9%
Snack
94.5%
Sniff
94.1%
Snot
93.6%
Snail
93.6%
Sneeze
93.5%
Snow
93.5%
Snap
93.4%
% Correct
Snob
93.3%
Snippet
93.2%
Snout
93%
Sneak
92.4%
Snooker
91.2%
Snarl
90.9%
Snuff
90.7%
Snoop
88%
Sneer
85.5%
Snood
85.1%
Snark
83.3%

You're not logged in!

Compare scores with friends on all Sporcle quizzes.
OR
Log In

You Might Also Like...

Show Comments

Extras

Top Quizzes Today


Score Distribution

Your Account Isn't Verified!

In order to create a playlist on Sporcle, you need to verify the email address you used during registration. Go to your Sporcle Settings to finish the process.

Report this User

Report this user for behavior that violates our Community Guidelines.

Details: